Apetit po západním zboží roste
Obchod medzi členskými štátmi Európskej únie a strednou a východnou Európou (SVE). Export EÚ do štátov SVE. Skladba vzájomného obchodu. Silná pozícia Nemecka a iných štátov EÚ podieľajúcich sa na vývoze do SVE.
Na minha lista:
| Formato: | Capítulo de Livro |
|---|---|
| Idioma: | tcheco |
| Assuntos: | |
| Tags: |
Sem tags, seja o primeiro a adicionar uma tag!
|
MARC
| LEADER | 00000naa a2200000 4500 | ||
|---|---|---|---|
| 001 | r026091 | ||
| 005 | 20230920093639.7 | ||
| 041 | 0 | |a cze | |
| 044 | |a CZ | ||
| 245 | 1 | 0 | |a Apetit po západním zboží roste |
| 520 | |a Obchod medzi členskými štátmi Európskej únie a strednou a východnou Európou (SVE). Export EÚ do štátov SVE. Skladba vzájomného obchodu. Silná pozícia Nemecka a iných štátov EÚ podieľajúcich sa na vývoze do SVE. | ||
| 610 | 2 | 0 | |a obchod medzinárodný |
| 610 | 2 | 0 | |a Európska únia |
| 610 | 2 | 0 | |a SVE |
| 610 | 2 | 0 | |a Nemecko |
| 610 | 2 | 0 | |a vývoz |
| 610 | 2 | 0 | |a obchod zahraničný |